Das Dekameron / (Record no. 33898)
[ view plain ]
| 000 -LEADER | |
|---|---|
| campo de control de longitud fija | 00546nam a2200181 i 4500 |
| 001 - NÚMERO DE CONTROL | |
| campo de control | 33898 |
| 003 - IDENTIFICADOR DE NÚMERO DE CONTROL | |
| campo de control | ES-MaACL |
| 005 - FECHA Y HORA DE LA ÚLTIMA TRANSACCIÓN | |
| campo de control | 20250115063036.0 |
| 007 - CAMPO FIJO DE DESCRIPCIÓN FÍSICA--INFORMACIÓN GENERAL | |
| campo de control de longitud fija | t| |
| 008 - DATOS DE LONGITUD FIJA--INFORMACIÓN GENERAL | |
| campo de control de longitud fija | 030203q1911 gw ||||1| ger d |
| 100 1# - ENTRADA PRINCIPAL--NOMBRE DE PERSONA | |
| Nombre de persona | Boccaccio, Giovanni, |
| Fechas asociadas al nombre | 1313-1375 |
| 9 (RLIN) | 29661 |
| 245 14 - MENCIÓN DEL TÍTULO | |
| Título | Das Dekameron / |
| Mención de responsabilidad, etc. | Giovanni Boccaccio ; illustried von F.V. Bayros. |
| 260 ## - PUBLICACIÓN, DISTRIBUCIÓN, ETC. | |
| Lugar de publicación, distribución, etc. | Berlin : |
| Nombre del editor, distribuidor, etc. | Wilhem Borugraeber, |
| Fecha de publicación, distribución, etc. | [1911?] |
| 300 ## - DESCRIPCIÓN FÍSICA | |
| Extensión | 484 p. ; |
| Dimensiones | 19 cm. |
| 700 1# - ENTRADA AGREGADA--NOMBRE PERSONAL | |
| Nombre de persona | Bayros, F. V. |
| 9 (RLIN) | 26720 |
| 852 ## - LOCALIZACIÓN | |
| Ubicación | ES-MaACL |
| Número de control de estantería | A-4897 |
| Sublocalización o colección | R.16982 |
| Estatus retirado | Estado de pérdida | Estado de daño | No para préstamo | Biblioteca de origen | Biblioteca actual | Ubicación en estantería | Fecha de adquisición | Fuente de adquisición | Total de préstamos | Signatura topográfica completa | Código de barras | Visto por última vez | Precio de reemplazo | Tipo de ítem Koha |
|---|---|---|---|---|---|---|---|---|---|---|---|---|---|---|
| Biblioteca del Ateneo de Madrid | Biblioteca del Ateneo de Madrid | Sala Pecera Planta 1 | 17/01/2008 | A-4897 | 1035299 | 23/02/2023 | 23/02/2023 | Libro impreso |
